| 000 | 00843nam a22002177a 4500 | ||
|---|---|---|---|
| 999 |
_c6656 _d6656 |
||
| 003 | AR-CdUCM | ||
| 008 | 190318b ||||| |||| 00| 0 spa d | ||
| 040 |
_aMUNICIPALIDAD PROVINCIAL DEL CUSCO _cBIBLIOTECA MUNICIPAL DEL CUSCO |
||
| 082 |
_22 ed. _a980.0191 / _bC28 |
||
| 100 |
_aHanke, Lewis _918725 |
||
| 245 |
_aHistoria de las indias : _bPor Fray Bartolome de las Casas / |
||
| 260 |
_aMéxico : _bFondo de cultura económica, _c1965. |
||
| 300 |
_a3 tomos ; _c22 cm. |
||
| 440 |
_aCronistas de indias _918726 |
||
| 505 | _aContenido : t.1 : Historia de las indias -- Libro primero -- t.2 : Libro primero ( conclusión) -- Libro segundo -- Libro tercero -- t.3 : libro tercero ( conclusión) ... | ||
| 650 |
_aHistoria _9246 |
||
| 650 |
_aindias _92222 |
||
| 650 |
_aHistoria universal _91423 |
||
| 942 |
_2ddc _cLIBROS |
||
| 945 | _arah | ||